|
|
|
|
| LEADER |
00914nam a2200241 a 4500 |
| 001 |
GR-Patra7921 |
| 008 |
991022s gw 000 b eng d |
| 020 |
|
|
|a 3800947021
|
| 040 |
|
|
|a GrPaTEI
|b gre
|c GR-PaULI
|
| 245 |
0 |
0 |
|a Generators-motors :
|b physical fundamentals and basic mechanical forms.
|
| 260 |
|
|
|a Berlin and Munchen :
|b Siemens Aktiengesellschaft,
|c c1979
|
| 300 |
|
|
|a 92σ.
|
| 650 |
|
0 |
|a GENERATORS
|
| 650 |
|
0 |
|a MOTORS
|
| 650 |
|
4 |
|a ΗΛΕΚΤΡΙΚΕΣ ΜΗΧΑΝΕΣ
|
| 650 |
|
4 |
|a ΗΛΕΚΤΡΙΚΕΣ ΜΗΧΑΝΕΣ
|
| 650 |
|
4 |
|a ΚΙΝΗΤΗΡΕΣ
|
| 700 |
1 |
|
|a Seifert, Walter
|
| 710 |
0 |
|
|a Siemens Aktiengesellschaft
|
| 942 |
|
|
|2 ddc
|
| 952 |
|
|
|0 0
|1 0
|2 ddc
|4 0
|6 621_313000000000000_SEI
|7 0
|9 288994
|a LISK
|b LISK
|c BSC
|d 2021-01-17
|e 24
|f 0
|g 0.00
|l 0
|o 621.313 SEI
|p 9241007034
|r 2021-01-17 00:00:00
|t 1
|w 2021-01-17
|y BK15
|x 19991024 0 1
|x GrPaTEI
|
| 971 |
|
|
|a .b26554367
|b 15-04-20
|c 23-09-16
|
| 999 |
|
|
|c 168631
|d 168631
|